Bhelga's General Knowledge Quiz #3 - Statistics

General Stats
  • This quiz has been taken 11 times
  • The average score is 5 of 13
Answer Stats
Hint Answer % Correct
What does GOAT stand for? Greatest of all time
90%
Blake Shelton, Carrie Underwood, and Tim McGraw are all artists from what genre of music? Country
80%
"Boa noite" means what in Portuguese? Goodnight
80%
What is the main ingredient of gin? Juniper
40%
The highest grossing video game is: Minecraft
40%
The Greek letter after Eta Theta
40%
The journalists that exposed Watergate were Woodward and _________. Bernstein
30%
Which country has the most time zones in it? France
30%
According to Dante, the first circle of hell is: Limbo
20%
Who invented the diesel engine? Rudolf Diesel
20%
What device allows you to connect multiple devices to one outlet? Surge Protector
20%
France, the United Kingdom, and Russia formed what alliance during WWI? Triple Entente
20%
This book follows two girls named Catherine separated by one generation. Wuthering Heights
0%
No matching quizzes found
Score Distribution
Percent of People with Each Score
Percentile by Number Answered
Your Score History
You have not taken this quiz